00414nam a2200145Ia 450000500170000000800410001703700130005804000200007104100130009108400180010410000160012224500770013826000440021530000090025920250326124924.0250326s9999 xx 000 0 und d aTextbook aFMSLbengcFMSL aeng2eng aX:8F K8qFMSL aChaffield M 0aContemporary studies in the evolution of accounting thoughtcChaffield M aCaliforniabCalifornia, Dickensonc1968 a423p